000 02611cam a22004814i 4500
003 PE-LiUPU
005 20250731173430.0
008 150706s2002 sp a rb 000 0 spa d
020 _a9788482672465
020 _a8482672460
035 _a(Sirsi) i9788482672465
040 _aPE-LiUPU
_bspa
_cPE-LiUPU
_erda
049 _aPRUA
082 0 4 _a264.09
_bV27
_221
100 1 _aVarela Álvarez, Juan J.,
_d1962- ,
_eautor.
245 1 3 _aEl culto cristiano :
_borigen, evolución, actualidad /
_cJuan J. Varela Álvarez.
264 1 _aTerrassa (Barcelona) :
_bClie,
_c[2002].
300 _a223 páginas :
_bilustraciones ;
_c23 centímetros
336 _atext
_2rdacontent
337 _aunmediated
_2rdamedia
338 _avolume
_2rdacarrier
504 _aBibliografía : páginas 221-223.
505 0 _aEl culto cristiano: su definición, propósito, y elementos principales -- ¿Qué es el culto cristiano? -- Textos bíblicos relativos al culto -- El papel de la liturgia en el culto -- El culto y sus participantes -- La presidencia del culto -- ¿Dónde y cuándo celebrar el culto? -- EL mobiliario y la decoración del culto -- La música en el culto -- Los elementos o componentes en el culto -- Evolución histórica del culto cristiano -- La evolución del culto desde Génesis hasta Hechos -- El culto en los tres grandes centros de adoración -- La evolución del culto desde hechos hasta la reforma -- Formas de culto desde la reforma a la actualidad -- Hacia un modelo de culto en el contexto del siglo XXI -- Análisis y estructura del culto cristiano -- Influencias de la cultura postmoderna -- Propuestas de culto contemporáneo -- Breve manual litúrgico para servicios religiosos -- Los credos y confesiones de fe -- Glosar[i]o de simbología cristiana -- Sugerencias para el culto.
526 _aSEG42
526 _aSEG41
526 _aSEG40
526 _aSEG39
526 _aP94
526 _aP87
526 _aP86
526 _aP85
526 _aP77
526 _aP76
526 _aP35
541 _g001-0000627;
650 0 4 _aLiturgia
_xHistoria.
910 _cjck
_d20130506
942 _2ddc
_cBOOK
949 _a264.09 V27
_wDEWEY
_c1
_i67076
_lCCODEBUL1
_mBUL
_p14.00
_r0
_sY
_tBOOK
_u2015-7-6
_xTEOLOGIA
_PP35
_o.STAFF. Colección General
994 _aC0
_bPEPRU
596 _a1
999 _a264.09 V27
_wDEWEY
_c54785
_i67076
_d54785
_e2018-11-22
_f2021-11-10
_g5
_lCCODEBUL1
_mBUL
_n7
_p14.00
_q3
_r0
_sY
_tBOOK
_u2015-7-6
_xTEOLOGIA
_PP35
_0COMPRA
_o.STAFF. Colección Teología
980 _81
_gALBERTO SANCHEZ Responsable de Automatización